<?xml version="1.0" encoding="UTF-8"?>
<record
    xmlns:xsi="http://www.w3.org/2001/XMLSchema-instance"
    xsi:schemaLocation="http://www.loc.gov/MARC21/slim http://www.loc.gov/standards/marcxml/schema/MARC21slim.xsd"
    xmlns="http://www.loc.gov/MARC21/slim">

  <leader>04874cam a22003731i 4500</leader>
  <controlfield tag="001">019647009</controlfield>
  <controlfield tag="003">EG-ScBUE</controlfield>
  <controlfield tag="005">20251006090539.0</controlfield>
  <controlfield tag="008">190119s2019    njuab  f b    001 0 eng d</controlfield>
  <datafield tag="020" ind1=" " ind2=" ">
    <subfield code="a">9781119154167</subfield>
  </datafield>
  <datafield tag="040" ind1=" " ind2=" ">
    <subfield code="a">StDuBDS</subfield>
    <subfield code="b">eng</subfield>
    <subfield code="e">rda</subfield>
    <subfield code="c">StDuBDS</subfield>
    <subfield code="d">EG-ScBUE</subfield>
  </datafield>
  <datafield tag="082" ind1="0" ind2="4">
    <subfield code="a">320</subfield>
    <subfield code="2">22</subfield>
    <subfield code="b">CON</subfield>
  </datafield>
  <datafield tag="245" ind1="0" ind2="0">
    <subfield code="a">Contemporary political philosophy :</subfield>
    <subfield code="b">an anthology /</subfield>
    <subfield code="c">edited by Robert E. Goodin and Philip Pettit.</subfield>
  </datafield>
  <datafield tag="250" ind1=" " ind2=" ">
    <subfield code="a">Third edition.</subfield>
  </datafield>
  <datafield tag="264" ind1=" " ind2="1">
    <subfield code="a">Hoboken, NJ :</subfield>
    <subfield code="b">Wiley-Blackwell,</subfield>
    <subfield code="c">2019.</subfield>
  </datafield>
  <datafield tag="300" ind1=" " ind2=" ">
    <subfield code="a">ix, 726 pages :</subfield>
    <subfield code="b">illustrations, maps ;</subfield>
    <subfield code="c">24 cm.</subfield>
  </datafield>
  <datafield tag="336" ind1=" " ind2=" ">
    <subfield code="a">text</subfield>
    <subfield code="b">txt</subfield>
    <subfield code="2">rdacontent</subfield>
  </datafield>
  <datafield tag="337" ind1=" " ind2=" ">
    <subfield code="a">unmediated</subfield>
    <subfield code="b">n</subfield>
    <subfield code="2">rdamedia</subfield>
  </datafield>
  <datafield tag="338" ind1=" " ind2=" ">
    <subfield code="a">volume</subfield>
    <subfield code="b">nc</subfield>
    <subfield code="2">rdacarrier</subfield>
  </datafield>
  <datafield tag="490" ind1="0" ind2=" ">
    <subfield code="a">Blackwell philosophy anthologies ;</subfield>
    <subfield code="v">41</subfield>
  </datafield>
  <datafield tag="504" ind1=" " ind2=" ">
    <subfield code="a">Includes bibliographical references and index.</subfield>
  </datafield>
  <datafield tag="505" ind1="0" ind2=" ">
    <subfield code="a">Realism and moralism in political theory / Bernard Williams -- What do we want from a theory of justice? / Amartya Sen -- Utopophobia / David Estlund -- Political political theory : an inaugural lecture / Jeremy Waldron -- The state / Quentin Skinner -- State simplification / James C. Scott -- The liberal state / Catharine A. MacKinnon -- The market and the forum : three varieties of political theory / Jon Elster -- Invoking civil society / Charles Taylor -- The public sphere / J&#xFC;rgen Habermas -- Procedural democracy / Robert A. Dahl -- Deliberation and democratic legitimacy / Joshua Cohen -- Dealing with difference : a politics of ideas or a politics of presence? / Anne Phillips -- A "selection model" of political representation / Jane Mansbridge -- Justice as fairness / John Rawls -- Nozick's entitlements / Onora O'Neill -- Justice engendered / Martha Minow -- Political responsibility and structural injustice / Iris Marion Young --.</subfield>
  </datafield>
  <datafield tag="505" ind1="0" ind2=" ">
    <subfield code="a">Superseding historic injustice / Jeremy Waldron -- Are there any natural rights? / H.L.A. Hart -- Taking rights seriously / Ronald M. Dworkin -- Basic rights / Henry Shue -- The dark side of human rights / Onora O'Neill -- A defense of abortion / Judith Jarvis Thomson -- Justice and minority rights / Will Kymlicka -- Two concepts of liberty / Isaiah Berlin -- What's wrong with negative liberty? / Charles Taylor -- A third concept of liberty / Quentin Skinner -- Libertarian paternalism / Richard H. Thaler and Cass R. Sunstein -- Political liberalism and religion : on separation and establishment / Cicile Laborde -- Complex equality / Michael Walzer -- Equality of what? / Amartya Sen -- Equality and priority / Derek Parfit -- Chance, choice and justice / Brian Barry -- What is the point of equality? / Elizabeth S. Anderson -- Power, right, truth / Michel Foucault -- The domination contract / Charles Mills -- Race, sex, and indifference / Carole Pateman --.</subfield>
  </datafield>
  <datafield tag="505" ind1="0" ind2=" ">
    <subfield code="a">Respecting beliefs and rebuking rushdie / Peter Jones -- The structure of proletarian unfreedom / G.A. Cohen -- What's wrong with colonialism / Lea Ypi -- Just war : the case of World War II / G.E.M. Anscombe -- National self-determination / Avishai Margalit and Joseph Raz -- The ethical significance of nationality / David Miller -- The romance of the nation-state / David Luban -- Democracy : from city-states to a cosmopolitan order? / David Held -- Transnationalizing the public sphere / Nancy Fraser -- Migration and poverty / Thomas Pogge -- Humanity and justice in global perspective / Brian Barry.</subfield>
  </datafield>
  <datafield tag="520" ind1=" " ind2=" ">
    <subfield code="a">"The essays contained in this collection represent what seem to us to be canonical texts in contemporary political philosophy. But they only represent the contemporary canon, they do not exhaust it. Although this collection is two or perhaps three times the size of most, we nevertheless found that we had space for only a sample of the very many more texts and topics that we would like to have included.The collection is deliberately designed as a companion to our earlier Companion to Contemporary Political Philosophy (Oxford: Wiley-Blackwell, 1993; 2nd edition, 2012). We attempted to retain something of the same flavor in this collection, much the same scope of substantive concerns and much the same diversity of analytic styles. Inevitably, though, there is so much more surveyed in the Companion's many chapters than can be reprinted here. Interested readers are referred back to the Companion not only to situate the texts in the present collection but also for further readings and whole other sets of concerns"--</subfield>
    <subfield code="c">Provided by publisher.</subfield>
  </datafield>
  <datafield tag="540" ind1=" " ind2=" ">
    <subfield code="a">Current Copyright Fee: GBP25.00</subfield>
    <subfield code="c">0</subfield>
    <subfield code="5">Uk</subfield>
  </datafield>
  <datafield tag="650" ind1=" " ind2="7">
    <subfield code="a">Political science</subfield>
    <subfield code="x">Philosophy.</subfield>
    <subfield code="2">BUEsh</subfield>
  </datafield>
  <datafield tag="653" ind1=" " ind2=" ">
    <subfield code="c">October2025</subfield>
    <subfield code="b">BUSBOL</subfield>
  </datafield>
  <datafield tag="655" ind1=" " ind2=" ">
    <subfield code="v">Reading book</subfield>
  </datafield>
  <datafield tag="700" ind1="1" ind2=" ">
    <subfield code="a">Goodin, Robert E.,</subfield>
    <subfield code="e">editor.</subfield>
  </datafield>
  <datafield tag="700" ind1="1" ind2=" ">
    <subfield code="a">Pettit, Philip,</subfield>
    <subfield code="d">1945-</subfield>
    <subfield code="e">editor.</subfield>
  </datafield>
  <datafield tag="776" ind1="0" ind2="8">
    <subfield code="i">Online version:</subfield>
    <subfield code="t">Contemporary political philosophy</subfield>
    <subfield code="b">Third edition.</subfield>
    <subfield code="w">(DLC) 2019004870</subfield>
    <subfield code="d">Hoboken, NJ : Wiley-Blackwell, 2019</subfield>
    <subfield code="z">9781119154174</subfield>
  </datafield>
  <datafield tag="942" ind1=" " ind2=" ">
    <subfield code="2">ddc</subfield>
    <subfield code="c">BB</subfield>
  </datafield>
  <datafield tag="999" ind1=" " ind2=" ">
    <subfield code="c">30997</subfield>
    <subfield code="d">30968</subfield>
  </datafield>
  <datafield tag="952" ind1=" " ind2=" ">
    <subfield code="0">0</subfield>
    <subfield code="1">0</subfield>
    <subfield code="2">ddc</subfield>
    <subfield code="4">0</subfield>
    <subfield code="7">0</subfield>
    <subfield code="8">Baccah</subfield>
    <subfield code="a">MAIN</subfield>
    <subfield code="b">MAIN</subfield>
    <subfield code="c">1ST</subfield>
    <subfield code="d">2025-10-06</subfield>
    <subfield code="e">Purchase</subfield>
    <subfield code="g">2986.00</subfield>
    <subfield code="h">39687</subfield>
    <subfield code="l">0</subfield>
    <subfield code="o">320 CON</subfield>
    <subfield code="p">000057389</subfield>
    <subfield code="r">2025-10-06 00:00:00</subfield>
    <subfield code="v">3732.50</subfield>
    <subfield code="w">2025-10-06</subfield>
    <subfield code="y">BB</subfield>
  </datafield>
</record>
